| 000 | 00422pab a2200169 454500 | ||
|---|---|---|---|
| 008 | 180718b1997 xxu||||| |||| 00| 0 eng d | ||
| 100 | _aDutt, Purba | ||
| 245 | _aCrime reporting and the right to dignity | ||
| 260 | _c1997 | ||
| 300 | _ap.29-30 | ||
| 362 | _aOct-Dec | ||
| 650 | _aPolice - India | ||
| 650 | _aCrime - India | ||
| 650 | _aCrime | ||
| 773 | _aPolice Research and Development Journal | ||
| 909 | _a37219 | ||
| 999 |
_c37219 _d37219 |
||